00396 a2200109 4500001001000000005001700010008004100027245009100068100002600159773008400185999001700269ART_6167220260410162057.0260409a 10aConceptos preliminares en torno de la responsabilidad penal del socio no administrador1 aRobiglio, Carolina L.0 tTemas de derecho penal y procesal penalg- Año 5, N° 4 (abr. 2023)wREV60798 c36343d36343